000 01122cab a22002535a 4500
001 L139804
008 070809s2007 xxk f 000 0 eng d
035 _a(Sirsi) u139804
041 0 _aeng
110 2 _aUK landlord
245 0 4 _aThe landlord's liability to repair
260 _c2007
490 _aUK Landlord
_v(127) July-August 2007, 24-32(9)
520 _aA collection of articles dealing with the landlord's obligation to keep their properties in good repair. Landlords must also ensure that gas appliances are safe and that furniture complies with fire safety legislation. They are responsible for repairs to white goods and other machines which they provide. Provides advice on adding value to properties with loft conversions and house extensions.
590 _aKA
650 2 4 _aLANDLORD AND TENANT ACT 1985 S11
650 2 4 _aGAS SAFETY (INSTALLATION AND USE) REGULATIONS 1998
650 2 4 _aFURNITURE AND FURNISHING (FIRE) (SAFETY) REGULATIONS 1988
650 2 4 _aHOUSING ACT 2004
650 2 4 _aDEFECTIVE PREMISES ACT 1972
651 4 _aUnited Kingdom
_y
700 1 _aHorsey, Robert
942 _n0
999 _c79092
_d79092